[Event "OL 2002"]
[Site "Bled"]
[Date "2002.11.27"]
[Round "2.1"]
[White "Nielsen, Peter Heine"]
[Black "Situru, Nathanael"]
[Result "1-0"]
[WhiteElo "2620"]
[BlackElo "2377"]
[PlyCount "70"]
[EventDate "2002.??.??"]
[WhiteTeam "Denmark"]
[BlackTeam "Indonesia"]

1. Nf3 Nf6 2. c4 g6 3. Nc3 c5 4. d4 cxd4 5. Nxd4 Bg7 6. e4 d6 7. Be2 O-O 8. O-O
Nc6 9. Be3 Bd7 10. Nc2 Qb8 11. f3 Rc8 12. Qd2 Ne5 13. b3 a6 14. a4 Bc6 15. a5
h5 16. Nd5 Nxd5 17. exd5 Be8 18. Bd4 e6 19. f4 Bh6 20. Qc3 Nd7 21. dxe6 fxe6
22. Qg3 e5 23. fxe5 dxe5 24. Bb2 Bg7 25. Qh3 Nf8 26. Bxh5 gxh5 27. Nb4 Bc6 28.
Nxc6 bxc6 29. c5 Rc7 30. Rad1 Qb4 31. Qe3 Kh7 32. Rd6 e4 33. Bxg7 Rxg7 34. Qd4
Nd7 35. Rf7 Qb7 1-0

[Event "OL 2002"]
[Site "Bled"]
[Date "2002.11.27"]
[Round "2.2"]
[White "Barus, Cerdas"]
[Black "Schandorff, Lars"]
[Result "1/2-1/2"]
[WhiteElo "2479"]
[BlackElo "2546"]
[PlyCount "66"]
[EventDate "2002.??.??"]
[WhiteTeam "Indonesia"]
[BlackTeam "Denmark"]

1. d4 Nf6 2. c4 e6 3. Nf3 b6 4. g3 Ba6 5. b3 Bb4+ 6. Bd2 Be7 7. Bg2 c6 8. Bc3
d5 9. Ne5 Nfd7 10. Nxd7 Nxd7 11. Nd2 O-O 12. O-O Rc8 13. e4 b5 14. Re1 bxc4 15.
bxc4 dxc4 16. Qa4 Bb5 17. Qc2 Re8 18. a4 Ba6 19. Rad1 Bf8 20. Nf3 Rb8 21. Bf1
Bb4 22. Nd2 Qa5 23. Re3 Nb6 24. Ra1 c5 25. dxc5 Qxc5 26. Bxb4 Qxb4 27. a5 Nd7
28. Nxc4 Rec8 29. Qd1 Bxc4 30. Qxd7 Bxf1 31. Kxf1 Qb5+ 32. Qxb5 Rxb5 33. Rd3
Rbc5 1/2-1/2

[Event "OL 2002"]
[Site "Bled"]
[Date "2002.11.27"]
[Round "2.3"]
[White "Hansen, Sune Berg"]
[Black "Megaranto, Susanto"]
[Result "0-1"]
[WhiteElo "2555"]
[BlackElo "2420"]
[PlyCount "70"]
[EventDate "2002.??.??"]
[WhiteTeam "Denmark"]
[BlackTeam "Indonesia"]

1. e4 c6 2. c4 d5 3. exd5 cxd5 4. cxd5 Nf6 5. Nc3 Nxd5 6. Nf3 Nc6 7. Bb5 e6 8.
O-O Be7 9. Re1 O-O 10. d4 Bd7 11. Bd3 Bf6 12. a3 Nxc3 13. bxc3 Rc8 14. h4 Na5
15. Ng5 g6 16. Ne4 Bxh4 17. Bh6 Re8 18. Nd6 Bxf2+ 19. Kxf2 Qh4+ 20. Kg1 Qxh6
21. Qf3 Rf8 22. Nxc8 Rxc8 23. Be4 Qd2 24. Rad1 Qxc3 25. Re3 Qc7 26. Rf1 f5 27.
Bd3 Qd6 28. Rd1 Ba4 29. Rde1 Qxd4 30. Kh1 Bb3 31. Bf1 Bd5 32. Qe2 Qf6 33. Qd2
Nb3 34. Qb4 Nd4 35. Rc3 Nc6 0-1

[Event "OL 2002"]
[Site "Bled"]
[Date "2002.11.27"]
[Round "2.4"]
[White "Irwanto, Sadikin"]
[Black "Mortensen, Erling"]
[Result "1-0"]
[WhiteElo "2416"]
[BlackElo "2458"]
[PlyCount "110"]
[EventDate "2002.??.??"]
[WhiteTeam "Indonesia"]
[BlackTeam "Denmark"]

1. d4 Nf6 2. Nf3 g6 3. c4 Bg7 4. Nc3 O-O 5. e4 d6 6. Be2 e5 7. O-O Nbd7 8. Be3
Ng4 9. Bg5 f6 10. Bc1 Nh6 11. dxe5 dxe5 12. Qc2 c6 13. a3 f5 14. b4 f4 15. Nd2
g5 16. f3 Nf6 17. h3 Nf7 18. Nd1 h5 19. Nf2 Nh6 20. Bb2 Qe7 21. c5 g4 22. Nc4
gxh3 23. Nxe5 hxg2 24. Rfd1 Kh7 25. Rd6 h4 26. Bd3 h3 27. Ng6 Kxg6 28. e5+ Kh5
29. Bg6+ Kh4 30. exf6 Bxf6 31. Ne4 Ng4 32. fxg4 Bxb2 33. Qxb2 Kxg4 34. Qe2+ f3
35. Bh5+ Kxh5 36. Ng3+ Kh4 37. Qxe7+ Kxg3 38. Rg6+ Bg4 39. Qd6+ Rf4 40. Rxg4+
Kxg4 41. Qg6+ Kh4 42. Kf2 Raf8 43. Re1 R8f6 44. Qg3+ Kh5 45. Qxh3+ Kg5 46. Qg3+
Rg4 47. Qc7 Kg6 48. Qd8 Rgf4 49. Qg8+ Kh6 50. Qh8+ Kg6 51. Re7 Kg5 52. Re5+
R4f5 53. Re4 Rf4 54. Qg7+ Kh5 55. Re8 b6 1-0

[Event "OL 2002"]
[Site "Bled"]
[Date "2002.11.28"]
[Round "3.1"]
[White "Sutovsky, Emil"]
[Black "Nielsen, Peter Heine"]
[Result "0-1"]
[WhiteElo "2657"]
[BlackElo "2620"]
[PlyCount "92"]
[EventDate "2002.??.??"]
[WhiteTeam "Israel"]
[BlackTeam "Denmark"]

1. e4 c6 2. d4 d5 3. e5 Bf5 4. Nc3 e6 5. g4 Bg6 6. Nge2 Ne7 7. f4 h5 8. f5 Bh7
9. Nf4 Nxf5 10. gxf5 Qh4+ 11. Ke2 Bxf5 12. h3 c5 13. Nb5 Nc6 14. c3 Qd8 15. Be3
a6 16. Nd6+ Bxd6 17. exd6 Qxd6 18. dxc5 Qe5 19. Nd3 Bxd3+ 20. Qxd3 O-O-O 21.
Rd1 d4 22. cxd4 Nxd4+ 23. Qxd4 Rxd4 24. Rxd4 Rd8 25. Rxd8+ Kxd8 26. Bg2 Qxb2+
27. Kf3 Qf6+ 28. Ke4 Qg6+ 29. Kf3 Qf5+ 30. Kg3 Qe5+ 31. Kf2 Qb2+ 32. Kf3 Qxa2
33. Rd1+ Kc8 34. Rd6 e5 35. h4 e4+ 36. Kg3 Qe2 37. Bd2 e3 38. Ba5 Qg4+ 39. Kh2
Qf4+ 40. Kg1 Qf2+ 41. Kh2 Qxh4+ 42. Bh3+ f5 43. Kg2 g6 44. Rxg6 Qe4+ 45. Kh2
Qe5+ 46. Kg2 Qb2+ 0-1

[Event "OL 2002"]
[Site "Bled"]
[Date "2002.11.28"]
[Round "3.4"]
[White "Pedersen, Nicolai Vesterbaek"]
[Black "Huzman, Alexander"]
[Result "1/2-1/2"]
[WhiteElo "2495"]
[BlackElo "2595"]
[PlyCount "24"]
[EventDate "2002.??.??"]
[WhiteTeam "Denmark"]
[BlackTeam "Israel"]

1. d4 Nf6 2. c4 e6 3. Nc3 Bb4 4. Qc2 d5 5. cxd5 Qxd5 6. Nf3 Qf5 7. Qxf5 exf5 8.
a3 Bd6 9. Nb5 Be6 10. Bd2 a6 11. Nxd6+ cxd6 12. e3 Nc6 1/2-1/2

[Event "OL 2002"]
[Site "Bled"]
[Date "2002.10.29"]
[Round "4.1"]
[White "Nielsen, Peter Heine"]
[Black "Baburin, Alexander"]
[Result "1/2-1/2"]
[WhiteElo "2620"]
[BlackElo "2580"]
[PlyCount "31"]
[EventDate "2002.??.??"]
[WhiteTeam "Denmark"]
[BlackTeam "Ireland"]

1. d4 d5 2. c4 dxc4 3. Nf3 a6 4. e3 e6 5. Bxc4 c5 6. O-O Nf6 7. Bb3 Nc6 8. Nc3
Qc7 9. Qe2 Be7 10. dxc5 Bxc5 11. e4 Ng4 12. g3 O-O 13. Bf4 e5 14. Nd5 Qd6 15.
Bd2 Nf6 16. Be3 1/2-1/2

[Event "OL 2002"]
[Site "Bled"]
[Date "2002.10.29"]
[Round "4.2"]
[White "Kelly, Brian"]
[Black "Schandorff, Lars"]
[Result "1/2-1/2"]
[WhiteElo "2451"]
[BlackElo "2546"]
[PlyCount "54"]
[EventDate "2002.??.??"]
[WhiteTeam "Ireland"]
[BlackTeam "Denmark"]

1. c4 Nf6 2. Nc3 e6 3. d4 Bb4 4. Qc2 O-O 5. a3 Bxc3+ 6. Qxc3 b6 7. Bg5 Bb7 8.
f3 h6 9. Bh4 d5 10. e3 Nbd7 11. cxd5 Nxd5 12. Bxd8 Nxc3 13. Bh4 Nd5 14. Bf2 f5
15. Bb5 c6 16. Ba4 Rac8 17. Ne2 b5 18. Bc2 c5 19. O-O a6 20. Rfc1 c4 21. h3 Rf7
22. Rf1 a5 23. e4 fxe4 24. fxe4 Nf4 25. Nxf4 Rxf4 26. Be1 Rxf1+ 27. Kxf1 Nf6
1/2-1/2

[Event "OL 2002"]
[Site "Bled"]
[Date "2002.10.29"]
[Round "4.3"]
[White "Mortensen, Erling"]
[Black "Quinn, Mark"]
[Result "0-1"]
[WhiteElo "2458"]
[BlackElo "2429"]
[PlyCount "62"]
[EventDate "2002.??.??"]
[WhiteTeam "Denmark"]
[BlackTeam "Ireland"]

1. e4 e5 2. Nf3 Nf6 3. Nxe5 d6 4. Nf3 Nxe4 5. Nc3 Nxc3 6. dxc3 Be7 7. Bf4 Nd7
8. Qd2 Nc5 9. O-O-O O-O 10. Be3 Bg4 11. Be2 Qe8 12. Rhe1 Be6 13. c4 Qa4 14. Kb1
Bf6 15. Bd4 Bxd4 16. Nxd4 Rae8 17. b3 Qa6 18. Bf3 Qb6 19. Bd5 Bxd5 20. cxd5 Ne4
21. Qe3 Qb4 22. Ne2 Nf6 23. c3 Qg4 24. Qf4 Qxg2 25. c4 Qg6+ 26. Kc1 Ne4 27. Nd4
Nc3 28. Rg1 Qb1+ 29. Kd2 Nxd1 30. Qf6 Qb2+ 31. Kxd1 Qa1+ 0-1

[Event "OL 2002"]
[Site "Bled"]
[Date "2002.10.29"]
[Round "4.4"]
[White "Heidenfeld, Mark"]
[Black "Pedersen, Nicolai Vesterbaek"]
[Result "1-0"]
[WhiteElo "2373"]
[BlackElo "2495"]
[PlyCount "90"]
[EventDate "2002.??.??"]
[WhiteTeam "Ireland"]
[BlackTeam "Denmark"]

1. e4 e5 2. Nf3 Nc6 3. Bb5 Nf6 4. O-O Nxe4 5. d4 Nd6 6. Bxc6 dxc6 7. dxe5 Nf5
8. Qxd8+ Kxd8 9. Nc3 Bd7 10. b3 Kc8 11. Bb2 Be7 12. Ne4 a5 13. Ng3 c5 14. Nh5
Bc6 15. Ng3 Nxg3 16. hxg3 a4 17. Rfe1 Rd8 18. Kf1 b6 19. Re2 Kb7 20. Ke1 b5 21.
Rd1 Rxd1+ 22. Kxd1 Bd5 23. Nd2 Rd8 24. Kc1 Bxg2 25. f3 Bh3 26. Rh2 Bf5 27. bxa4
b4 28. a3 h6 29. axb4 cxb4 30. Nb3 Be6 31. Nd4 Ra8 32. f4 Bg4 33. Nb3 c5 34.
Nd2 Be6 35. Rf2 Rxa4 36. f5 Bd5 37. f6 gxf6 38. exf6 Bd6 39. Rf5 Kc6 40. Be5
Be6 41. Rh5 Bg4 42. Bxd6 Bxh5 43. Bf8 Bg6 44. Nc4 Ra1+ 45. Kb2 Rf1 1-0

[Event "OL 2002"]
[Site "Bled"]
[Date "2002.10.30"]
[Round "5.1"]
[White "Torre, Eugenio"]
[Black "Nielsen, Peter Heine"]
[Result "1-0"]
[WhiteElo "2523"]
[BlackElo "2620"]
[PlyCount "131"]
[EventDate "2002.??.??"]
[WhiteTeam "The Philippines"]
[BlackTeam "Denmark"]

1. d4 d5 2. Bg5 f6 3. Bf4 c5 4. Bxb8 Rxb8 5. Nc3 e6 6. e3 a6 7. Bd3 f5 8. g4
Nf6 9. gxf5 c4 10. Bf1 exf5 11. Bg2 Bb4 12. Nge2 Be6 13. O-O O-O 14. a3 Ba5 15.
b4 Bc7 16. f4 b5 17. Ng3 a5 18. Nce2 Qe7 19. Qd2 Bd6 20. c3 Rfe8 21. Kh1 Bd7
22. Rf3 Ra8 23. Rc1 Ra6 24. Ng1 axb4 25. axb4 Rea8 26. Rff1 Ra2 27. Rc2 Rxc2
28. Qxc2 g6 29. Qd2 Re8 30. Rf3 Ng4 31. Nf1 Ra8 32. h3 Nf6 33. Ng3 Bc6 34. Rf1
Re8 35. Rf3 Bd7 36. Qa2 Bc6 37. Qa6 Qc7 38. Qa2 Kf8 39. Qd2 Qe7 40. Qc1 Kg7 41.
Qe1 h6 42. Qc1 Ra8 43. Rf1 Ne4 44. Qe1 Ra1 45. Nxf5+ gxf5 46. Qxa1 Ng3+ 47. Kh2
Nxf1+ 48. Qxf1 Qxe3 49. Ne2 Kf6 50. Qf3 Qxf3 51. Bxf3 Ke6 52. Bh5 Be7 53. Kg3
Bf6 54. Ng1 Ke7 55. Bg6 Bd7 56. Nf3 Kf8 57. Ne5 Be6 58. Nf3 Bd7 59. Ne1 Kg7 60.
Bh5 Kf8 61. Nc2 Be6 62. Ne3 Ke7 63. Bg6 Bg7 64. Bxf5 Bf7 65. Bc8 Bf8 66. Ba6
1-0

[Event "OL 2002"]
[Site "Bled"]
[Date "2002.10.30"]
[Round "5.3"]
[White "Paragua, Mark"]
[Black "Hansen, Sune Berg"]
[Result "1/2-1/2"]
[WhiteElo "2476"]
[BlackElo "2555"]
[PlyCount "28"]
[EventDate "2002.??.??"]
[WhiteTeam "The Philippines"]
[BlackTeam "Denmark"]

1. Nf3 c5 2. g3 g6 3. Bg2 Bg7 4. O-O Nc6 5. c4 e6 6. Nc3 Nge7 7. d3 O-O 8. Bd2
b6 9. Qc1 Nf5 10. Rb1 Bb7 11. Bg5 f6 12. Bd2 d6 13. a3 Qd7 14. b4 Ncd4 1/2-1/2

[Event "OL 2002"]
[Site "Bled"]
[Date "2002.10.30"]
[Round "5.4"]
[White "Pedersen, Nicolai Vesterbaek"]
[Black "Roca, Petronio"]
[Result "1-0"]
[WhiteElo "2495"]
[BlackElo "2423"]
[PlyCount "185"]
[EventDate "2002.??.??"]
[WhiteTeam "Denmark"]
[BlackTeam "The Philippines"]

1. d4 c5 2. d5 e5 3. c4 d6 4. e4 g6 5. h4 h5 6. g3 Nd7 7. Nf3 a6 8. Nc3 Bh6 9.
Ng5 Nf8 10. Bh3 Bxh3 11. Nxh3 Bxc1 12. Rxc1 Nf6 13. Qd3 Qd7 14. a3 N8h7 15. Rc2
O-O 16. Kf1 b5 17. Kg2 Rfb8 18. Ra1 Rb6 19. Ng1 Rab8 20. cxb5 axb5 21. b4 Ra8
22. Rb2 c4 23. Qe2 Rb7 24. Nf3 Ng4 25. Nd2 f5 26. a4 f4 27. Rba2 Rf8 28. Nxb5
g5 29. Nf3 fxg3 30. fxg3 gxh4 31. Nxh4 Rf2+ 32. Qxf2 Nxf2 33. Rxf2 Qg4 34. Nxd6
Rxb4 35. Nhf5 Qg5 36. a5 c3 37. a6 Rb8 38. Raa2 Nf6 39. Rf3 Ra8 40. a7 c2 41.
Rxc2 Rxa7 42. Rc8+ Kh7 43. Rc2 Ng4 44. Ne8 Rf7 45. Re2 Qd8 46. Ned6 Rd7 47. Nc4
Qc8 48. Nce3 Qa6 49. Rb2 Qa4 50. Nxg4 hxg4 51. Re3 Kg6 52. Re1 Qa3 53. Rb6+ Kg5
54. Rf1 Qd3 55. Nd6 Rxd6 56. Rf5+ Kg6 57. Rxd6+ Kg7 58. Rd7+ Kg6 59. Rd6+ Kg7
60. Rg5+ Kf7 61. Rxg4 Qd1 62. Rdg6 Qe2+ 63. Kh3 Qf1+ 64. Kh4 Qh1+ 65. Kg5 Qf3
66. d6 Qf2 67. Rh6 Qd2+ 68. Kh5 Qh2+ 69. Kg5 Qd2+ 70. Kh5 Qh2+ 71. Rh4 Qxg3 72.
d7 Qf3+ 73. Kg5 Qg3+ 74. Kf5 Qf3+ 75. Kxe5 Qc3+ 76. Kf5 Qc5+ 77. e5 Qc2+ 78.
Kg5 Ke7 79. Rh7+ Kd8 80. e6 Qc5+ 81. Kg6 Qc2+ 82. Kg7 Qc3+ 83. Kg6 Qd3+ 84. Kg7
Qc3+ 85. Kf8 Qa3+ 86. Kg8 Qg3+ 87. Kf8 Qa3+ 88. e7+ Kxd7 89. Rd4+ Ke6 90. Rd6+
Kf5 91. Rf7+ Kg5 92. Rff6 Qa8+ 93. e8=Q 1-0

[Event "OL 2002"]
[Site "Bled"]
[Date "2002.10.31"]
[Round "6.3"]
[White "Pedersen, Nicolai Vesterbaek"]
[Black "Gulko, Boris"]
[Result "1/2-1/2"]
[WhiteElo "2495"]
[BlackElo "2594"]
[PlyCount "36"]
[EventDate "2002.??.??"]
[WhiteTeam "Denmark"]
[BlackTeam "United States"]

1. d4 Nf6 2. c4 e6 3. Nc3 Bb4 4. Qc2 c5 5. dxc5 O-O 6. a3 Bxc5 7. Nf3 b6 8. Bf4
Nh5 9. Bg5 Be7 10. Bxe7 Qxe7 11. e3 Bb7 12. Be2 Nc6 13. Rd1 Nf6 14. O-O Rac8
15. Bd3 h6 16. Qe2 Rfd8 17. Nb5 d6 18. Rc1 d5 1/2-1/2

[Event "OL 2002"]
[Site "Bled"]
[Date "2002.11.01"]
[Round "7.2"]
[White "Simonet, Marc"]
[Black "Schandorff, Lars"]
[Result "0-1"]
[WhiteElo "2304"]
[BlackElo "2546"]
[PlyCount "84"]
[EventDate "2002.??.??"]
[WhiteTeam "Andorra"]
[BlackTeam "Denmark"]

1. d4 Nf6 2. c4 e6 3. Nc3 Bb4 4. e3 O-O 5. Bd3 c5 6. Nf3 d5 7. O-O cxd4 8. exd4
dxc4 9. Bxc4 b6 10. Bg5 Bb7 11. Ne5 Bxc3 12. bxc3 Nbd7 13. Nxd7 Qxd7 14. Bxf6
gxf6 15. d5 Bxd5 16. Qg4+ Kh8 17. Qd4 Qd8 18. Bxd5 exd5 19. Rfe1 Rc8 20. Re3
Rc4 21. Qd3 Rxc3 22. Qxc3 d4 23. Qd3 dxe3 24. Qxe3 Re8 25. Qf3 Re6 26. h4 Qd2
27. g3 Re1+ 28. Rxe1 Qxe1+ 29. Kg2 Qe7 30. h5 Kg7 31. Qf4 Qe6 32. a3 Qd5+ 33.
f3 Qxh5 34. Qc7 Qa5 35. Qe7 a6 36. Qe4 h5 37. a4 Qc5 38. Qb7 Qc2+ 39. Kh3 Qxa4
40. Qxb6 Qb5 41. Qd6 Qf1+ 42. Kh2 Qf2+ 0-1

[Event "OL 2002"]
[Site "Bled"]
[Date "2002.11.01"]
[Round "7.3"]
[White "Hansen, Sune Berg"]
[Black "Garcia, Raul"]
[Result "1-0"]
[WhiteElo "2555"]
[BlackElo "2269"]
[PlyCount "81"]
[EventDate "2002.??.??"]
[WhiteTeam "Denmark"]
[BlackTeam "Andorra"]

1. e4 c5 2. b3 e6 3. Bb2 Nf6 4. e5 Nd5 5. Nf3 Nc6 6. Nc3 Nxc3 7. Bxc3 Be7 8.
Bd3 a6 9. Qe2 b6 10. h4 Bb7 11. Rh3 Nb4 12. Bxb4 cxb4 13. Rg3 Kf8 14. Be4 Qc7
15. h5 h6 16. Rg4 Rc8 17. Bxb7 Qxb7 18. Qd3 Rc5 19. Rxb4 Rxc2 20. Rxb6 Qxb6 21.
Qxc2 Bc5 22. d4 Bb4+ 23. Ke2 Ke7 24. a3 Qa5 25. d5 exd5 26. Nd4 Qc5 27. Nf5+
Kd8 28. Qxc5 Bxc5 29. b4 Bb6 30. Rd1 g6 31. Nd6 Ke7 32. Rxd5 Ke6 33. Rd3 Rg8
34. f4 Bc7 35. Nxf7 Rg7 36. Nd6 gxh5 37. Kf3 h4 38. Ne8 Rg3+ 39. Ke4 Bb6 40.
Rd6+ Ke7 41. Nf6 1-0

[Event "OL 2002"]
[Site "Bled"]
[Date "2002.11.01"]
[Round "7.4"]
[White "Jose Queralto, Daniel"]
[Black "Mortensen, Erling"]
[Result "0-1"]
[WhiteElo "2196"]
[BlackElo "2458"]
[PlyCount "94"]
[EventDate "2002.??.??"]
[WhiteTeam "Andorra"]
[BlackTeam "Denmark"]

1. e4 c5 2. Nf3 Nc6 3. d4 cxd4 4. Nxd4 Qc7 5. Nc3 e6 6. Be3 a6 7. Be2 b5 8. O-O
Bb7 9. f4 Bc5 10. Bf3 Nge7 11. Kh1 Nxd4 12. Bxd4 Bxd4 13. Qxd4 O-O 14. Rad1
Rfd8 15. e5 Nf5 16. Qf2 Rac8 17. Rd2 Bxf3 18. Qxf3 d5 19. exd6 Rxd6 20. Rfd1
Rxd2 21. Rxd2 h6 22. Ne4 Qc4 23. b3 Qb4 24. c3 Qe7 25. g3 Qa7 26. Qd3 Qa8 27.
Kg1 Qa7+ 28. Kh1 Ne3 29. Re2 Nf5 30. Rd2 Qe3 31. Kg2 Qb6 32. Qd7 Qb8 33. Kg1
Qa8 34. Rd3 Kh7 35. Nd2 Kg8 36. c4 Qb8 37. Kh1 h5 38. a4 bxa4 39. Qxa4 Qa8+ 40.
Nf3 Nd4 41. Kg2 Nxf3 42. Rxf3 Rd8 43. Qa2 Rd3 44. Qe2 Rxb3 45. Kf2 Qxf3+ 46.
Qxf3 Rxf3+ 47. Kxf3 Kf8 0-1

[Event "OL 2002"]
[Site "Bled"]
[Date "2002.11.02"]
[Round "8.1"]
[White "Felgaer, Ruben"]
[Black "Schandorff, Lars"]
[Result "1/2-1/2"]
[WhiteElo "2555"]
[BlackElo "2546"]
[PlyCount "110"]
[EventDate "2002.??.??"]
[WhiteTeam "Argentina"]
[BlackTeam "Denmark"]

1. e4 c6 2. Nc3 d5 3. d4 dxe4 4. Nxe4 Nd7 5. Nf3 Ngf6 6. Ng3 c5 7. c3 cxd4 8.
cxd4 g6 9. Bc4 Nb6 10. Bb3 Bg7 11. Ne5 O-O 12. h4 Qd6 13. h5 Be6 14. hxg6 hxg6
15. Bc2 Rfd8 16. Rh4 Rac8 17. Bb3 Nc4 18. Qe2 Na5 19. Bxe6 Qxe6 20. Bd2 Nc6 21.
Nf3 Qxe2+ 22. Kxe2 Ne8 23. Be3 Nc7 24. Rd1 Rd5 25. Ne4 Rcd8 26. Nc5 b6 27. Nb3
Ne6 28. Rc1 Ncxd4+ 29. Nbxd4 Nxd4+ 30. Nxd4 Bxd4 31. Bxd4 Rxd4 32. Rxd4 Rxd4
33. Rc7 Ra4 34. a3 Kf8 35. Kd3 Ke8 36. Rb7 f5 37. g3 g5 38. f3 Kf7 39. Ke3 Ke6
40. Kd3 Kd6 41. Ke3 e6 42. Rg7 g4 43. fxg4 fxg4 44. Rb7 Ke5 45. Kd3 Rd4+ 46.
Ke3 Rc4 47. Rxa7 Rc2 48. Ra4 Rxb2 49. Rxg4 Rb3+ 50. Ke2 Rxa3 51. Rb4 Rxg3 52.
Rxb6 Kf5 53. Kf2 Ra3 54. Rb8 e5 55. Rb4 Rc3 1/2-1/2

[Event "OL 2002"]
[Site "Bled"]
[Date "2002.11.02"]
[Round "8.2"]
[White "Hansen, Sune Berg"]
[Black "Peralta, Fernando"]
[Result "1/2-1/2"]
[WhiteElo "2555"]
[BlackElo "2497"]
[PlyCount "96"]
[EventDate "2002.??.??"]
[WhiteTeam "Denmark"]
[BlackTeam "Argentina"]

1. e4 Nf6 2. e5 Nd5 3. d4 d6 4. c4 Nb6 5. exd6 exd6 6. Nc3 Be7 7. Bd3 Nc6 8.
Nge2 Bg4 9. f3 Bh5 10. b3 Bh4+ 11. g3 Bf6 12. Be4 O-O 13. Be3 Bg6 14. Qd2 a5
15. O-O Re8 16. Bxg6 hxg6 17. d5 Nb4 18. Rad1 Bxc3 19. Nxc3 Nd7 20. Bd4 Na6 21.
Kg2 Nac5 22. Rfe1 Nf6 23. Nb5 Qd7 24. h3 b6 25. g4 Na6 26. Be3 Rad8 27. Re2 Re5
28. Nd4 Nb8 29. Rde1 Rde8 30. Bg5 Rxe2+ 31. Rxe2 Rxe2+ 32. Qxe2 Kf8 33. Bxf6
gxf6 34. h4 c5 35. dxc6 Nxc6 36. Qe4 Ne7 37. Nb5 d5 38. Qf4 dxc4 39. bxc4 Kg7
40. Nd6 Ng8 41. Qd4 Qa4 42. Qd2 Nh6 43. Qe2 Ng8 44. Kh3 Qc6 45. Qd3 Qc5 46. Kg2
Qe5 47. Qd2 a4 48. a3 Ne7 1/2-1/2

[Event "OL 2002"]
[Site "Bled"]
[Date "2002.11.02"]
[Round "8.3"]
[White "Slipak, Sergio David"]
[Black "Pedersen, Nicolai Vesterbaek"]
[Result "0-1"]
[WhiteElo "2491"]
[BlackElo "2495"]
[PlyCount "92"]
[EventDate "2002.??.??"]
[WhiteTeam "Argentina"]
[BlackTeam "Denmark"]

1. d4 Nf6 2. c4 e6 3. Nf3 b6 4. g3 Ba6 5. Qa4 c6 6. Nc3 Be7 7. Bf4 Qc8 8. Bg2
O-O 9. Rc1 d6 10. O-O Re8 11. e4 Bb7 12. e5 dxe5 13. Nxe5 Nfd7 14. d5 Nxe5 15.
Bxe5 cxd5 16. cxd5 Nd7 17. Ne4 Nc5 18. Nxc5 bxc5 19. d6 Bxg2 20. d7 Qc6 21.
dxe8=Q+ Rxe8 22. Qxc6 Bxc6 23. Rfd1 Bd5 24. b3 a5 25. Bc7 Ra8 26. Bb6 a4 27.
bxa4 c4 28. a5 Ba3 29. Rc2 Kf8 30. Kf1 Bb4 31. Ke2 Ke7 32. Ke3 Bxa5 33. Rb1 Kd6
34. Bxa5 Rxa5 35. Kd4 e5+ 36. Kc3 Be4 37. Rd2+ Kc5 38. Rc1 Bd3 39. Kb2 Kd4 40.
Ka1 c3 41. Rdd1 e4 42. g4 Rb5 43. Rc2 Kc4 44. a4 Bxc2 45. axb5 Bxd1 46. b6 Kd3
0-1

[Event "OL 2002"]
[Site "Bled"]
[Date "2002.11.02"]
[Round "8.4"]
[White "Palo, Davor"]
[Black "Labollita, Martin"]
[Result "0-1"]
[WhiteElo "2489"]
[BlackElo "2393"]
[PlyCount "68"]
[EventDate "2002.??.??"]
[WhiteTeam "Denmark"]
[BlackTeam "Argentina"]

1. d4 d5 2. c4 c6 3. Nf3 Nf6 4. Nc3 dxc4 5. a4 Bf5 6. e3 e6 7. Bxc4 Bb4 8. O-O
O-O 9. Qe2 Bg6 10. Ne5 Nbd7 11. Nxg6 hxg6 12. Na2 Bd6 13. e4 e5 14. f4 Qb6 15.
Kh1 exd4 16. e5 Rae8 17. b4 Bb8 18. e6 fxe6 19. Bxe6+ Kh7 20. Qd3 Rxe6 21. Qh3+
Nh5 22. Qxe6 Qd8 23. Qh3 Kg8 24. Bb2 Nxf4 25. Qb3+ Kh7 26. Bxd4 Qg5 27. g3 Ne2
28. Bb2 Qg4 29. Rxf8 Nxf8 30. Rf1 Ne6 31. Qf3 Qc4 32. Nc3 Nxc3 33. Bxc3 Ng5 34.
Qf8 Qd5+ 0-1

[Event "OL 2002"]
[Site "Bled"]
[Date "2002.11.04"]
[Round "9.3"]
[White "Svetushkin, Dmitry"]
[Black "Hansen, Sune Berg"]
[Result "0-1"]
[WhiteElo "2505"]
[BlackElo "2555"]
[PlyCount "80"]
[EventDate "2002.??.??"]
[WhiteTeam "Moldova"]
[BlackTeam "Denmark"]

1. d4 Nf6 2. c4 e6 3. Nc3 Bb4 4. Qc2 O-O 5. a3 Bxc3+ 6. Qxc3 b6 7. Bg5 Bb7 8.
Nf3 d6 9. Nd2 Nbd7 10. f3 h6 11. Bh4 c5 12. dxc5 Nxc5 13. b4 Ncd7 14. e4 Ne5
15. Bg3 Ng6 16. Rd1 Nh5 17. Nb3 Nxg3 18. hxg3 Qc7 19. Kf2 Rac8 20. Qd4 Rfd8 21.
Be2 Ba6 22. Rc1 Qe7 23. Rhd1 h5 24. Qe3 Qf6 25. Kg1 h4 26. gxh4 Qxh4 27. Qf2
Qg5 28. Bf1 Nf4 29. Kh2 g6 30. g3 Kg7 31. Bg2 Rh8+ 32. Kg1 Nh3+ 33. Bxh3 Rxh3
34. Kg2 Rch8 35. Rh1 Qh6 36. Qd4+ e5 37. Qxd6 Rh2+ 38. Rxh2 Qxh2+ 39. Kf1 Qxg3
40. Qd3 Rh1+ 0-1

[Event "OL 2002"]
[Site "Bled"]
[Date "2002.11.04"]
[Round "9.4"]
[White "Pedersen, Nicolai Vesterbaek"]
[Black "Khruschiov, Alexey"]
[Result "1-0"]
[WhiteElo "2495"]
[BlackElo "2412"]
[PlyCount "199"]
[EventDate "2002.??.??"]
[WhiteTeam "Denmark"]
[BlackTeam "Moldova"]

1. e4 e5 2. Nf3 Nc6 3. Nc3 Nf6 4. d4 exd4 5. Nxd4 Bb4 6. Nxc6 bxc6 7. Bd3 d5 8.
exd5 O-O 9. O-O cxd5 10. Bg5 c6 11. Na4 h6 12. Bh4 Re8 13. c4 Bd6 14. Rc1 Rb8
15. b3 Be5 16. Bg3 Qd6 17. Re1 Bg4 18. Qc2 Bxg3 19. hxg3 Rbd8 20. Qc3 Ne4 21.
Qd4 Bf5 22. cxd5 cxd5 23. Bxe4 dxe4 24. Qxa7 Qd2 25. Qc5 Rc8 26. Rcd1 Qg5 27.
Qe3 Qf6 28. Nc5 Qb6 29. Rd5 Bg6 30. a3 Ra8 31. b4 Ra7 32. Qc3 Rae7 33. Re3 f6
34. Qd4 Bf7 35. Rd6 Qc7 36. a4 f5 37. a5 h5 38. Rc3 Qb8 39. Rb6 Qa8 40. a6 h4
41. Re3 Re5 42. Rd6 Qa7 43. Rd8 Qc7 44. Rd7 Qb6 45. f4 R5e7 46. Rxe7 Rxe7 47.
gxh4 Qc7 48. Rg3 Bh5 49. Qd5+ Bf7 50. Qd4 Bh5 51. Qd2 Re8 52. Rc3 Qe7 53. Qe3
Qxh4 54. b5 Rd8 55. Rc1 Qf6 56. Rb1 Qb6 57. Kf2 Bf7 58. Nxe4 Qa5 59. Qc3 Qa4
60. Nd2 Qxf4+ 61. Nf3 Re8 62. Re1 Ra8 63. Qd4 Qb8 64. Qc5 Ra7 65. Rc1 Be6 66.
Qe5 Qb6+ 67. Qe3 Qxe3+ 68. Kxe3 Bd7 69. Rb1 Bxb5 70. Rxb5 Rxa6 71. Rxf5 Ra2 72.
g3 Kh7 73. Kf4 Kh6 74. Kg4 Ra4+ 75. Rf4 Ra6 76. Re4 Rg6+ 77. Kh4 Rf6 78. Ng5
Rf1 79. Re6+ g6 80. Nh3 Kg7 81. Nf4 Kf7 82. Ra6 Rf3 83. Kg4 Rb3 84. Rxg6 Rb5
85. Rg5 Rb1 86. Rf5+ Kg7 87. Kg5 Rb6 88. g4 Ra6 89. Nh5+ Kh7 90. Rf7+ Kh8 91.
Rd7 Ra4 92. Re7 Rb4 93. Nf4 Kg8 94. Ne6 Re4 95. Kf5 Ra4 96. g5 Ra5+ 97. Kf6 Ra8
98. Rd7 Re8 99. Rd8 Kh7 100. g6+ 1-0

[Event "OL 2002"]
[Site "Bled"]
[Date "2002.11.05"]
[Round "10.1"]
[White "Nielsen, Peter Heine"]
[Black "Sadvakasov, Darmen"]
[Result "1-0"]
[WhiteElo "2620"]
[BlackElo "2538"]
[PlyCount "47"]
[EventDate "2002.??.??"]
[WhiteTeam "Denmark"]
[BlackTeam "Kazakhstan"]

1. d4 d5 2. c4 dxc4 3. Nf3 Nf6 4. e3 e6 5. Bxc4 c5 6. O-O Nc6 7. Qe2 cxd4 8.
Rd1 Be7 9. exd4 O-O 10. a3 a6 11. Nc3 b5 12. d5 exd5 13. Nxd5 Bd7 14. Ba2 Nxd5
15. Bxd5 Qc7 16. Qe4 Rae8 17. Bf4 Qc8 18. Rac1 Bd6 19. Bxd6 Rxe4 20. Bxe4 Qe8
21. Bxf8 Kxf8 22. Rxd7 Qxe4 23. Rxf7+ Kg8 24. Rc7 1-0

[Event "OL 2002"]
[Site "Bled"]
[Date "2002.11.05"]
[Round "10.2"]
[White "Kostenko, Petr"]
[Black "Schandorff, Lars"]
[Result "1/2-1/2"]
[WhiteElo "2501"]
[BlackElo "2546"]
[PlyCount "97"]
[EventDate "2002.??.??"]
[WhiteTeam "Kazakhstan"]
[BlackTeam "Denmark"]

1. e4 c6 2. c4 d5 3. exd5 cxd5 4. cxd5 Nf6 5. Nc3 Nxd5 6. Nf3 Nxc3 7. bxc3 g6
8. Qa4+ Nc6 9. Ne5 Bd7 10. Nxc6 Bxc6 11. Bb5 Bxb5 12. Qxb5+ Qd7 13. a4 Rc8 14.
Ba3 a6 15. Qxd7+ Kxd7 16. Ke2 b6 17. Rhb1 Rc6 18. Rb3 Bg7 19. Rab1 Kc7 20. d4
Rd8 21. f4 Rd5 22. Kd3 Bf6 23. g4 e6 24. Bb4 Bg7 25. Re1 Bf6 26. Re3 h5 27. h3
Kd8 28. Rb1 Rc7 29. Re4 Rcd7 30. Bf8 Kc7 31. Re2 Kc6 32. Reb2 Bd8 33. Bg7 Ra5
34. Rb4 hxg4 35. hxg4 b5 36. axb5+ Rxb5 37. Rc4+ Kb7 38. Ra1 g5 39. Bh6 gxf4
40. Bxf4 e5 41. Be3 exd4 42. Bxd4 f5 43. gxf5 Rxf5 44. Rca4 Rd6 45. Ke4 Rb5 46.
Rh1 Rd7 47. c4 Rg5 48. Rb1+ Kc8 49. Be5 1/2-1/2

[Event "OL 2002"]
[Site "Bled"]
[Date "2002.11.05"]
[Round "10.3"]
[White "Hansen, Sune Berg"]
[Black "Sadykov, Rustem"]
[Result "1/2-1/2"]
[WhiteElo "2555"]
[BlackElo "2400"]
[PlyCount "32"]
[EventDate "2002.??.??"]
[WhiteTeam "Denmark"]
[BlackTeam "Kazakhstan"]

1. e4 c5 2. Nf3 d6 3. d4 cxd4 4. Nxd4 Nf6 5. Nc3 a6 6. Bc4 e6 7. a4 Be7 8. O-O
O-O 9. Be3 Nc6 10. Kh1 Bd7 11. Qe2 Rc8 12. Rad1 Qc7 13. Ba2 Rfe8 14. f4 Qa5 15.
Bb3 Bf8 16. Qf3 Qh5 1/2-1/2